000 00715nam a22002650a 4500
001 PT36874
003 AR-LpoUNG
005 20210131230408.0
008 191001s1998||||mx |||||||||||||||||spa d
020 _a9789681655372
_c$4.25
040 _aAR-LpoUNG
_bspa
_cAR-LpoUNG
_eaacr
041 _aspa
044 _amx
082 0 _a808.068 3 62gat
100 1 _aKitamura, Satoshi
245 1 0 _aGato tiene sueño
250 _a1§ edición, 4§ reimpresión
260 _aMéxico, D. F. :
_bFondo de Cultura Económica,
_c1998.
300 _a[12] p. :
_bil.
505 0 _aSugerido a partir de 0 años (etiqueta ROJA)
650 4 _aCUENTOS
653 _aLITERATURA INFANTIL
905 _a36874
942 _cLIB
999 _c3152
_d3152